Statistiche per Paesi del Mondo

Clicka qui per fare il quiz!

Statistiche generali

  • Questo quiz è stato fatto 72.814 volte
  • Il punteggio medio è 117 su 196

Risposte nella Mappa

Le risposte nella mappa del quiz sottostante sono codificate secondo una scala di colori dal rosso al verde in base alla % di persone che hanno risposto correttamente.
Caricamento ...
 

Statistiche sulle risposte

Paese% Corretto
Italia
96%
Canada
95%
Russia
95%
Stati Uniti
95%
Francia
94%
Germania
93%
Spagna
93%
Australia
92%
Cina
92%
Brasile
91%
Portogallo
91%
Grecia
91%
Messico
91%
India
91%
Regno Unito
91%
Irlanda
91%
Argentina
91%
Svizzera
90%
Giappone
89%
Norvegia
89%
Svezia
89%
Egitto
88%
Finlandia
87%
Paesi Bassi
87%
Cile
87%
Austria
87%
Marocco
87%
Turchia
87%
Islanda
86%
Madagascar
86%
Polonia
86%
Danimarca
85%
Romania
85%
Sudafrica
85%
Estonia
84%
Perù
84%
Belgio
84%
Croazia
83%
Lituania
82%
Albania
82%
Lettonia
82%
Cuba
82%
Iraq
81%
Tunisia
81%
Algeria
81%
Iran
81%
Mongolia
80%
Libia
80%
Ucraina
80%
Repubblica del Congo
80%
Repubblica Democratica
del Congo
80%
Nuova Zelanda
79%
Arabia Saudita
79%
Slovenia
79%
Corea del Nord
78%
Corea del Sud
78%
Colombia
78%
Repubblica Ceca
77%
Bolivia
75%
Bulgaria
75%
Uruguay
75%
Bielorussia
74%
Venezuela
74%
Paraguay
74%
Ungheria
73%
Indonesia
72%
Pakistan
72%
Slovacchia
72%
Serbia
72%
Macedonia del Nord
71%
Kazakistan
71%
Niger
71%
Bosnia
ed Erzegovina
70%
Israele
70%
Etiopia
68%
Montenegro
68%
Lussemburgo
68%
Filippine
67%
Panama
67%
Vietnam
67%
Afghanistan
67%
Siria
66%
Città del Vaticano
65%
Ecuador
65%
Sudan
65%
San Marino
65%
Somalia
65%
Malta
64%
Thailandia
63%
Cipro
63%
Moldavia
62%
Nepal
61%
Nigeria
61%
Kenya
60%
Eritrea
60%
Andorra
60%
Sri Lanka
59%
Uzbekistan
59%
Papua Nuova Guinea
59%
Yemen
58%
Oman
58%
Haiti
57%
Libano
56%
Georgia
56%
Kosovo
56%
Emirati Arabi Uniti
55%
Laos
55%
Senegal
54%
Mali
54%
Guinea
54%
Turkmenistan
53%
Costa d'Avorio
53%
Bangladesh
52%
Malesia
52%
Armenia
52%
Angola
52%
Cambogia
52%
Costa Rica
51%
Honduras
51%
Azerbaijan
51%
Giordania
51%
Ciad
50%
Guatemala
50%
Monaco
49%
Ghana
49%
Tanzania
48%
Qatar
48%
Liechtenstein
48%
Birmania
48%
Taiwan
47%
Guyana
47%
Namibia
47%
Togo
46%
Repubblica Dominicana
46%
Mauritania
46%
Nicaragua
46%
Giamaica
46%
Suriname
46%
Camerun
46%
Belize
44%
Zambia
44%
Mozambico
44%
Burundi
43%
Zimbabwe
43%
Liberia
43%
Tagikistan
42%
Uganda
42%
Figi
42%
Maldive
42%
Capo Verde
42%
Lesotho
42%
Singapore
42%
Botswana
42%
Kuwait
41%
El Salvador
41%
Sud Sudan
40%
Bhutan
40%
Bahamas
40%
Burkina Faso
39%
Sierra Leone
38%
Ruanda
38%
Kirghizistan
37%
Repubblica Centrafricana
37%
Mauritius
36%
Stati Federati di
Micronesia
35%
Malawi
35%
Benin
35%
Trinidad e Tobago
35%
Guinea-Bissau
35%
Gabon
34%
Guinea Equatoriale
34%
Seychelles
34%
Barbados
33%
Swaziland
32%
Gambia
32%
Dominica
31%
Gibuti
31%
Brunei
29%
Samoa
28%
Isole Marshall
28%
Tonga
28%
Bahrain
28%
Antigua e Barbuda
28%
Comoros
27%
Santa Lucia
27%
Isole Salomone
27%
Tuvalu
26%
Palau
26%
Vanuatu
26%
Timor Est
26%
Sao Tome e Principe
26%
Saint Kitts e Nevis
26%
Kiribati
25%
Grenada
23%
Nauru
23%
Saint Vincent e
Grenadine
23%

Distribuzione punteggi

Percentile per numero di risposta

Percentuale di utenti per punteggio

I tuoi punteggi nel tempo

Non hai fatto questo quiz